000 00620nam a22002177a 4500
003 UA-OsUOA
001 56447
007 ta
008 20081028b un ||||| |||| 00| 0 ukr d
100 _aШевченко М.
090 _a330
_bШ37
942 _cSA
040 _aUA-OsUOA
_bukr
_cUA-OsUOA
_dUA-OsUOA
245 _aРозвиток маркетингової діяльності в системі аграрного ринку
300 _aС.28-31
955 _a0
041 _aukr
080 _a330
773 0 _w56440
_tЕкономіст
_dК.
_d2008
_g9
650 7 _a330 Економіка взагалі
_2UDC
999 _c342532
_d342532